Science Quiz

Random Science Quiz

Counting to 10 by Tenths Quiz Stats

 Plays Quiz not verified by Sporcle

Challenge
Share
Tweet
Embed
Score 0/60 Timer 01:00
0 Plays Today
Number % Correct
0.1
100%
0.2
100%
0.3
100%
0.4
95.5%
0.5
95.5%
0.6
95.5%
0.7
95.5%
0.8
95.5%
0.9
90.9%
1.0
90.9%
1.1
90.9%
1.2
90.9%
1.3
90.9%
1.4
86.4%
1.5
86.4%
1.6
86.4%
1.7
81.8%
1.8
81.8%
1.9
81.8%
2.0
77.3%
2.1
77.3%
2.2
77.3%
2.3
77.3%
2.4
77.3%
2.5
77.3%
2.6
77.3%
2.7
72.7%
2.8
72.7%
2.9
72.7%
3.0
72.7%
Number % Correct
3.1
72.7%
3.2
72.7%
3.3
72.7%
3.4
72.7%
3.5
72.7%
3.6
72.7%
3.7
72.7%
3.8
72.7%
3.9
72.7%
4.0
72.7%
4.1
72.7%
4.2
72.7%
4.3
68.2%
4.4
68.2%
4.5
68.2%
4.6
68.2%
4.7
68.2%
4.8
68.2%
4.9
63.6%
5.0
63.6%
5.1
63.6%
5.2
63.6%
5.3
63.6%
5.4
63.6%
5.5
63.6%
5.6
63.6%
5.7
63.6%
5.8
63.6%
5.9
63.6%
6.0
59.1%

You're not logged in!

Compare scores with friends on all Sporcle quizzes.
Join for Free
OR
Log In

You Might Also Like...

Show Comments

Extras

Created Oct 15, 2012ReportNominate
Tags:counting, second, tenth

Top Quizzes Today


Score Distribution

Your Account Isn't Verified!

In order to create a playlist on Sporcle, you need to verify the email address you used during registration. Go to your Sporcle Settings to finish the process.

Report this User

Report this user for behavior that violates our Community Guidelines.

Details: